Sports Quiz

Random Sports or Basketball Quiz

Alma Maters of ACC Basketball Coaches Quiz Stats

 Plays Quiz not verified by Sporcle

Score 0/12 Timer 08:00
0 Plays Today
Coach Alma Mater % Correct
Roy WilliamsUNC
91.7%
Mike KrzyzewskiArmy
84.3%
Sidney LoweNC State
77.8%
Gary WilliamsMaryland
73.1%
Tony BennettWisconsin-Green Bay
25.9%
Frank HaithElon
8.3%
Brad BrownellDePauw
7.4%
Steve DonahueUrsinus
6.5%
Paul HewittSt. John Fisher
4.6%
Jeff BzdelikIllinois-Chicago
2.8%
Leonard HamiltonTennessee-Martin
2.8%
Seth GreenbergFairleigh Dickinson
1.9%

You're not logged in!

Compare scores with friends on all Sporcle quizzes.
OR
Log In

Show Comments

Extras

Top Quizzes Today


Score Distribution

Your Account Isn't Verified!

In order to create a playlist on Sporcle, you need to verify the email address you used during registration. Go to your Sporcle Settings to finish the process.

Report this User

Report this user for behavior that violates our Community Guidelines.

Details: